| 000 | 02884nam a2200325Ia 4500 | ||
|---|---|---|---|
| 003 | OSt | ||
| 005 | 20210809164937.0 | ||
| 008 | 210310s2014 ck ad fr 000 0dspa d | ||
| 020 | _a9789587622256 | ||
| 040 |
_aCO-JMCR _cCO-JMCR |
||
| 041 | 0 | _aspa | |
| 082 | 0 | 4 |
_a332.6 / _bM353e _223 |
| 100 | 1 |
_aMarín, José Nicolás, _916872 _eautor |
|
| 245 | 1 | 0 |
_aEvaluación de investigaciones estratégicas / _cJ. Nicolás Marín, Eduardo Luis Montiel, Niels Ketelhöhn |
| 250 | _aPrimera edición | ||
| 260 |
_aBogotá : _bEdiciones de la U, _c2014 |
||
| 300 |
_a263 páginas : _bilustraciones y gráficas a blanco y negro ; _c22 cm. |
||
| 490 | 0 | _aColección Acción Empresarial | |
| 500 | _aIncluye notas a pie de página y datos biográficos de los autores. | ||
| 504 | _aBibliografía: páginas 259-263 | ||
| 505 | 0 | _aLos proyectos de inversión en la estrategia -- Los proyectos de inversión -- Los métodos de evaluación -- La evaluación de proyectos en situaciones complejas -- El costo del capital y los proyectos de inversión -- Riesgo, retorno y tasas de descuento -- El riesgo en los flujos del proyecto -- Valoración de la flexibilidad en las inversiones: opciones reales -- Efectos económicos en los proyectos de inversión | |
| 520 | 3 | _aLa complejidad actual de los mercados hace que cada vez más empresas busquen nuevas inversiones, ya sea en su país de origen o más allá de las fronteras en las que suelen operar En esta situación, acertar a la hora de elegir dónde y cómo invertir se convierte en una cuestión de suma importancia ya que una mala inversión puede llevar a la ruina a una compañía. Este libro, escrito por tres reconocidos expertos en la materia a nivel internacional, explica con detalle todo aquello que una empresa debe tener en cuenta para planificar inversiones A partir de un riguroso marco teórico, los auto res exponen desde un punto de vista estratégico, financiero y de riesgo cómo identificar, analizar y desarrollar inversiones en cualquier mercado y sector. A lo largo del libro se profundiza en todos los aspectos necesarios que re quiere cualquier inversión, con una explicación detallada de los cálculos que deben realizarse y aclaraciones y ejemplos que ayudarán al lector a realizar sus propias estimaciones. Finalmente, para completar la parte práctica del libro, los autores han re copilado cuatro casos prácticos desarrollados por ellos mismos y que han demostrado ser excelentes herramientas de aprendizaje para sus alumnos en el MBA de INCAE Business School, reconocida como la mejor escuela de negocios de Latinoamérica. | |
| 650 | 1 | 4 |
_aFinanzas _916874 |
| 650 | 2 | 4 |
_aInversión _939220 |
| 650 | 2 | 4 |
_aRiesgo de inversión _939221 |
| 650 | 2 | 4 |
_aRiesgo financiero _911357 |
| 700 | 1 |
_aMontiel, Eduardo Luis, _eautor _939222 |
|
| 700 | 1 |
_aKetelhöhn, Niels, _eautor _939223 |
|
| 942 |
_2ddc _cBK |
||
| 999 |
_c8295 _d8295 |
||